00387 2200157 4500245004900000020002200049250001000071100002100081650001200102005001900114260003600133041001400169084000800183300002900191336000900220 aEASY INSTANT GRAMMARcM.Haris Shofy A.hText a978-602-5739-36-1 acet.1 aM.Haris Shofy A. aGrammar a20241007134329 aJawa TimurbAzhar Risalahc2019 aIndonesia a420 aviii,333 hlm. :c15,5 cm atext